[Event "SLO-chT2 East"]
[Site "Slovenia"]
[Date "2018.10.13"]
[Round "4"]
[White "Kramberger, Mitja"]
[Black "Pozun, Matej"]
[Result "1/2-1/2"]
[WhiteElo "1882"]
[BlackElo "2029"]
[PlyCount "84"]
[EventDate "2018.09.15"]
[EventType "team-tourn"]
[EventRounds "9"]
[EventCountry "SLO"]
[SourceTitle "EXT 2021"]
[Source "ChessBase"]
[SourceDate "2020.10.23"]
[SourceVersion "1"]
[SourceVersionDate "2020.10.23"]
[SourceQuality "1"]
[WhiteTeam "Destrnik"]
[BlackTeam "Krsko Triglav II"]
[WhiteTeamCountry "SLO"]
[BlackTeamCountry "SLO"]

1. d4 Nf6 2. Nf3 g6 3. g3 Bg7 4. Bg2 d5 5. c4 c6 6. cxd5 cxd5 7. Nc3 Nc6 8. 0-0 0-0 9. Ne5 Bf5 10. Qa4 Qb6 11. e3 Rfd8 12. Nxc6 bxc6 13. Qa3 Qc7 14. Bd2 e5 15. Rac1 Rab8 16. Na4 exd4 17. exd4 Bf8 18. Nc5 Rb5 19. Qc3 Ne4 20. Bxe4 dxe4 21. a4 Rb6 22. Qe3 Rxb2 23. Bc3 Ra2 24. Nxe4 Bxe4 25. Qxe4 Rxa4 26. Qc2 Ra6 27. Ra1 Rxa1 28. Rxa1 Rd7 29. Qe4 Rd5 30. Qe8 Rd8 31. Qe4 Qd7 32. Ra6 Rc8 33. Qe5 Bg7 34. Qc5 Qd5 35. Qxa7 c5 36. Ra5 Qc4 37. Qb7 cxd4 38. Bd2 d3 39. Ra8 Rf8 40. Rxf8+ Bxf8 41. Qa8 Qc5 42. Qd8 h5 1/2-1/2

[Event "SLO-chT2 East"]
[Site "Slovenia"]
[Date "2017.10.15"]
[Round "2"]
[White "Kramberger, Mitja"]
[Black "Muzlovic, Anastazij"]
[Result "1/2-1/2"]
[WhiteElo "1911"]
[BlackElo "1753"]
[PlyCount "69"]
[EventDate "2017.09.30"]
[EventType "team-tourn"]
[EventRounds "9"]
[EventCountry "SLO"]
[SourceTitle "EXT 2019"]
[Source "ChessBase"]
[SourceDate "2018.10.10"]
[SourceVersion "1"]
[SourceVersionDate "2018.10.10"]
[SourceQuality "1"]

1. e4 c5 2. Nf3 d6 3. c3 Nf6 4. Bd3 Bg4 5. h3 Bxf3 6. Qxf3 Nc6 7. Bb5 Nd7 8. Bxc6 bxc6 9. 0-0 g6 10. d3 Bg7 11. Qe2 0-0 12. f4 d5 13. Nd2 e5 14. f5 f6 15. c4 g5 16. b3 d4 17. Rf3 a5 18. a4 Kf7 19. Rg3 h6 20. h4 Ke7 21. Nf3 Rg8 22. Kf2 Qb8 23. Rb1 Nb6 24. Rb2 Kd6 25. Nh2 Qd8 26. Bd2 Nd7 27. Nf3 Nb6 28. Rb1 Nd7 29. Qe1 Ke7 30. Qc1 Kd6 31. Qe1 Ke7 32. Qh1 Rh8 33. Qc1 Qf8 34. Qe1 Qd8 35. Qc1 1/2-1/2

[Event "SLO-chT2 East"]
[Site "Slovenia"]
[Date "2017.10.15"]
[Round "3"]
[White "Mostoegl, Konrad"]
[Black "Kramberger, Mitja"]
[Result "1/2-1/2"]
[WhiteElo "1962"]
[BlackElo "1911"]
[PlyCount "77"]
[EventDate "2017.09.30"]
[EventType "team-tourn"]
[EventRounds "9"]
[EventCountry "SLO"]
[SourceTitle "EXT 2019"]
[Source "ChessBase"]
[SourceDate "2018.10.10"]
[SourceVersion "1"]
[SourceVersionDate "2018.10.10"]
[SourceQuality "1"]

1. c4 Nf6 2. b3 e6 3. Bb2 d5 4. cxd5 exd5 5. Nf3 Bd6 6. e3 0-0 7. Be2 c6 8. 0-0 Bf5 9. Nh4 Be6 10. f4 Ne4 11. Qe1 Be7 12. Nf3 f5 13. Ne5 Bf6 14. d3 Nd6 15. Nd2 Nf7 16. Ndf3 Nd7 17. Qg3 Re8 18. Nxf7 Bxf7 19. Ne5 g6 20. d4 Bg7 21. Bd3 Nf6 22. Qh3 a5 23. a3 Ne4 24. Bxe4 dxe4 25. b4 Be6 26. Qg3 Qb6 27. Qe1 Bf8 28. Bc3 axb4 29. axb4 Ra6 30. Rxa6 Qxa6 31. Qd2 Ra8 32. h3 Qa2 33. Qe1 Qb3 34. Rf2 Ra3 35. Bd2 Ra4 36. Qc1 Bxb4 37. Bxb4 Qxb4 38. Rb2 Qa5 39. Rxb7 1/2-1/2

[Event "Bled op"]
[Site "Bled"]
[Date "2017.03.12"]
[Round "4"]
[White "Pirs, Matjaz1111"]
[Black "Kramberger, Mitja"]
[Result "1/2-1/2"]
[WhiteElo "2024"]
[BlackElo "1911"]
[PlyCount "83"]
[EventDate "2017.03.10"]
[EventType "swiss"]
[EventRounds "5"]
[EventCountry "SLO"]
[SourceTitle "EXT 2019"]
[Source "ChessBase"]
[SourceDate "2018.10.10"]
[SourceVersion "1"]
[SourceVersionDate "2018.10.10"]
[SourceQuality "1"]

1. e4 c6 2. d4 d5 3. exd5 cxd5 4. c4 Nf6 5. Nc3 Nc6 6. Nf3 Bg4 7. cxd5 Nxd5 8. Be2 e6 9. 0-0 Nxc3 10. bxc3 Bd6 11. Rb1 Rb8 12. h3 Bf5 13. Bd3 Bxd3 14. Qxd3 h6 15. Re1 0-0 16. Be3 Qc7 17. Nd2 Rfd8 18. Ne4 Bf4 19. Bxf4 Qxf4 20. Re3 Qf5 21. Rf3 Qg6 22. Rg3 Qf5 23. Qe3 Kh8 24. Rf3 Qg6 25. Qf4 f6 26. Rg3 e5 27. dxe5 fxe5 28. Qf3 Qe6 29. Qe2 b6 30. Rb2 Rd5 31. Qh5 Ne7 32. Ng5 Qf6 33. Nf7+ Kh7 34. Ng5+ Kh8 35. Nf7+ Kh7 36. Ng5+ Kh8 37. Re2 Rc8 38. Nf7+ Kh7 39. Ng5+ Kh8 40. Nf7+ Kh7 41. Ng5+ Kh8 42. Nf7+ 1/2-1/2

[Event "Ptuj op"]
[Site "Ptuj"]
[Date "2015.08.03"]
[Round "1"]
[White "Tomazini, Aljosa"]
[Black "Kramberger, Mitja"]
[Result "1-0"]
[WhiteElo "2292"]
[BlackElo "1861"]
[PlyCount "63"]
[EventDate "2015.08.03"]
[EventType "swiss"]
[EventRounds "9"]
[EventCountry "SLO"]
[SourceTitle "CBM 167 Extra"]
[Source "ChessBase"]
[SourceDate "2015.09.14"]
[SourceVersion "1"]
[SourceVersionDate "2015.09.14"]
[SourceQuality "1"]

1. d4 Nf6 2. Nf3 e6 3. c4 d5 4. Nc3 Be7 5. Bf4 c6 6. c5 Qa5 7. a3 Ne4 8. b4 Nxc3 9. Qc2 Qd8 10. Qxc3 Nd7 11. e3 0-0 12. Bd3 f5 13. h3 h6 14. a4 Qe8 15. Rg1 g5 16. Bh2 Qf7 17. Be2 g4 18. Ne5 Nxe5 19. Bxe5 Bf6 20. Bd6 Be7 21. Bxe7 Qxe7 22. hxg4 fxg4 23. Bxg4 Qg5 24. Be2 Bd7 25. g3 Qf5 26. f4 Qe4 27. Kd2 Be8 28. Bd3 Qf3 29. g4 Qf2+ 30. Be2 Bg6 31. Raf1 Qh4 32. Rh1 1-0

[Event "Ptuj op 01"]
[Site "Ptuj"]
[Date "2014.01.23"]
[Round "5"]
[White "Kramberger, Mitja"]
[Black "Zagorsek, David"]
[Result "0-1"]
[WhiteElo "1825"]
[BlackElo "1787"]
[PlyCount "46"]
[EventDate "2014.01.17"]
[EventType "swiss"]
[EventRounds "9"]
[EventCountry "SLO"]
[SourceTitle "EXT 2016"]
[Source "ChessBase"]
[SourceDate "2015.10.08"]
[SourceVersion "1"]
[SourceVersionDate "2015.10.08"]
[SourceQuality "1"]

1. Nf3 Nf6 2. d4 g6 3. c4 Bg7 4. Nc3 d5 5. cxd5 Nxd5 6. e4 Nxc3 7. bxc3 0-0 8. Ba3 Nd7 9. Bc4 c5 10. 0-0 Qc7 11. Qe2 b6 12. Bd5 Rb8 13. e5 e6 14. Be4 b5 15. Bc1 b4 16. cxb4 cxd4 17. Nxd4 Bxe5 18. Be3 Rxb4 19. Rac1 Qd6 20. Nb5 Qb8 21. Bd3 Bxh2+ 22. Kh1 Rh4 23. Bxa7 Bg1+ 0-1

[Event "SLO-ch U16"]
[Site "Sentjur"]
[Date "2005.03.03"]
[Round "7"]
[White "Filip, Matej"]
[Black "Kramberger, Mitja"]
[Result "1/2-1/2"]
[WhiteElo "1990"]
[BlackElo "1593"]
[PlyCount "45"]
[EventDate "2005.02.26"]
[EventType "swiss"]
[EventRounds "9"]
[EventCountry "SLO"]
[SourceTitle "CBM 105 Extra"]
[Source "ChessBase"]
[SourceDate "2005.05.01"]
[SourceVersion "1"]
[SourceVersionDate "2005.05.01"]
[SourceQuality "1"]

1. d4 d5 2. c4 e6 3. Nc3 Nf6 4. Bg5 Be7 5. Nf3 0-0 6. Qc2 c6 7. e3 Nbd7 8. Bd3 h6 9. Bf4 dxc4 10. Bxc4 Nd5 11. Bg3 Nxc3 12. bxc3 b6 13. 0-0 Bb7 14. Rac1 c5 15. Qe2 Nf6 16. Rfd1 Qc8 17. Nd2 a6 18. f3 b5 19. Bd3 c4 20. Ne4 Nxe4 21. Bxe4 Bxe4 22. fxe4 Re8 23. Rf1 1/2-1/2

[Event "SLO-ch U16"]
[Site "Sentjur"]
[Date "2005.02.28"]
[Round "4"]
[White "Kramberger, Mitja"]
[Black "Peric, Bernard"]
[Result "1-0"]
[WhiteElo "1593"]
[BlackElo "1535"]
[PlyCount "73"]
[EventDate "2005.02.26"]
[EventType "swiss"]
[EventRounds "9"]
[EventCountry "SLO"]
[SourceTitle "CBM 105 Extra"]
[Source "ChessBase"]
[SourceDate "2005.05.01"]
[SourceVersion "1"]
[SourceVersionDate "2005.05.01"]
[SourceQuality "1"]

1. e4 e5 2. Nc3 c6 3. Bc4 Qe7 4. d3 d6 5. f4 Nf6 6. Nf3 exf4 7. 0-0 Be6 8. Bb3 Nh5 9. d4 Bxb3 10. axb3 g6 11. Re1 Nd7 12. d5 Bg7 13. Nd4 Bxd4+ 14. Qxd4 Qe5 15. Qb4 Nb6 16. Na4 Nxa4 17. Rxa4 Qe7 18. dxc6 bxc6 19. e5 d5 20. Qd6 Qxd6 21. exd6+ Kd7 22. Re7+ Kxd6 23. Rxf7 Rhe8 24. Bxf4+ Nxf4 25. Raxf4 Re2 26. Rf2 Re1+ 27. Rf1 Re2 28. R1f6+ Kc5 29. Rc7 Rae8 30. Rfxc6+ Kd4 31. Rc3 Rd2 32. h4 Ree2 33. Rg3 Rxc2 34. Rxa7 Re3 35. Rg4+ Re4 36. Rg3 Rxh4 37. Ra4+ 1-0

[Event "SLO-ch U14"]
[Site "Celje"]
[Date "2004.02.22"]
[Round "1"]
[White "Kozarski, Filip"]
[Black "Kramberger, Mitja"]
[Result "1/2-1/2"]
[WhiteElo "1715"]
[BlackElo "1613"]
[PlyCount "49"]
[EventDate "2004.02.22"]
[EventType "swiss"]
[EventRounds "9"]
[EventCountry "SLO"]
[SourceTitle "EXT 2008"]
[Source "ChessBase"]
[SourceDate "2007.11.25"]
[SourceVersion "1"]
[SourceVersionDate "2007.11.25"]
[SourceQuality "1"]

1. e4 c5 2. Nf3 Nc6 3. d4 cxd4 4. Nxd4 Nf6 5. Nc3 d6 6. Be2 e6 7. Nb3 Be7 8. 0-0 0-0 9. Bf4 a6 10. Bf3 e5 11. Bg5 h6 12. Bxf6 Bxf6 13. Nd5 Be7 14. Bg4 f5 15. exf5 Bxf5 16. Bxf5 Rxf5 17. Qd3 Rf7 18. Rad1 Bf8 19. c3 Qg5 20. Qe3 Qg6 21. Qg3 Qe6 22. Rfe1 Qf5 23. Ne3 Qf4 24. Qxf4 Rxf4 25. Nd5 1/2-1/2